000 00340nam a2200133Ia 4500
008 230917s9999||||xx |||||||||||||| ||und||
040 _e96172
_aMAIN
041 _aEnglish
082 _a380 R21C
100 _aSaini, Ravinder
245 0 _aConsumer attitudes towards soft drinks: Especially in Rohtak city
300 _a55 p.
942 _cTH
999 _c88120
_d88120